000 00858 a2200229 4500
005 20160425102141.0
008 160425s2015 sp ||||gr|||| 001 0 eng d
020 _a9788494341625
040 _aCO-BoUCM
_bspa
_cSandra Palacio
_dSandra Palacio
041 0 _aspa
100 1 _aArlettaz, Fernando
_976822
245 1 0 _aExtranjeros e inmigrantes
_bcuatro cuestiones de derecho internacional y filosofía jurídica
_cFernando Arlettaz
260 _bFundación Aequitas
_c2015
_aMadrid (España)
300 _a124 páginas
504 _aIncluye referencias bibliográficas e índices
650 7 _915495
_aExtranjeros
_xDerechos
650 7 _9230
_aInmigrantes
_xDerechos
650 7 _915792
_aFilosofía del derecho
690 _aDerecho internacional
_912776
942 _cLIBRO
_2DEWEY
_a8
_e1
_h341.484
_mA723ex
999 _c303216
_d303216